LEADER 01168nam a2200289 u 4500 001 000000060803 003 CaOOAMICUS 005 20070226120944.0 008 010802s1988 fr u000 u fre u 020 $a2213021252 035 $a10899371 040 $aPUL(R)$bita 100 1 $aLubac, Henri de,$cS.I.,$d1896-1991.$0(OLS)http://pul/name/6263 245 10$aRésistence chrétienne à l'antisémitisme :$bsouvenirs 1940-1944 /$cHenri de Lubac. 260 $aParis :$bFayard,$cc1988. 300 $a270 p. ;$c22 cm 504 $aBibliografia in nota. 650 4$aAntisemitismo.$0(OLS)http://pul/subject/17285 650 4$aCristianesimo e antisemitismo.$0(OLS)http://pul/subject/23338 850 $aPUL 852 $aPUL$W1$xSL Religione 1$y3$m55 M 31$j79313$nBK-PRI$b $qStampati$B79313$CPULBib$Z2$F79313 $H $81 900 $aDe Lubac, Henri$96263 941 1 $a8 961 $aINV: 79541 996 $6020$a2213021252$9(OLS)http://pul/number/78628 996 $6245$aRésistence chrétienne à l'antisémitisme :$bsouvenirs 1940-1944$9(OLS)http://pul/title/81250 996 $6260$aParis :$bFayard$9(OLS)http://pul/publisher/52106 LEADER 01383namaa2200325 i 4500 001 000000177625 003 CaOOAMICUS 005 20250328161703.0 008 250326s2024 it a m u000 u ita r 032 $aLibriCat 040 $aPUL$bita 082 04$a346.45 100 1 $aLionello, Laura,$d1990-,$eautore dissertazione.$0(OLS)http://pul/name/114269 245 13$aLa cessione di quota di S.R.L. /$cLaura Lionello. 264 20$aRomae :$b[s.n.],$c2024. 300 $a89 pagine ;$b$c24 cm 336 $atxt$2rdacontent 337 $asenza mediazione$bn$2rdamedia 338 $avolume$anc 502 $aEstratto della Tesi di Dottorato, Pontificia Universitas Lateranensis. Facoltà di Diritto Civile, 2024. 504 $aBibliografia : pagine [69]-89. 650 4$aSocietà a responsabilità limitata$xDiritto.$0(OLS)http://pul/subject/35289 710 2 $aPontificia Università Lateranense.$bFacoltà di diritto civile$kTesi.$0(OLS)http://pul/name/81778 850 $aPUL 852 $aPUL$W1$xDP1 Tesi Pon Univ. Lateranense$y41$m2024 D 3$j201248$qTesi$B206600$CPULBib$Z2$F206600 $Hnull $82 941 1 $a16 996 $6082$a346.45$9(OLS)http://pul/classification/372 996 $6245$aLa cessione di quota di S.R.L.$9(OLS)http://pul/title/219168 996 $6264$aRomae :$b[s.n.]$9(OLS)http://pul/publisher/48223